Регионална библиотека "Любен Каравелов" - Русе

Преподобни Антоний Велики (Запис номер 492904)

MARC детайли
000 -Лидер
Лидер 01602nam a2200313 a 4500
003 - Код на организацията, давaща контролен номер
Код на организацията, даваща контролен номер BLK
005 - Дата и час на последна редакция
Дата и час на последна редакция 20230713130828.0
007 - Фиксирано поле за физическо описани
Физическо описание ta
008 - Елементи от данни с фиксирана дължина
Елементи с фиксирана дължина 230713b bu |||||r|||| 00| | bu d
020 ## - Международен стандартен номер на книга ISBN
ISBN 9789547704749
040 ## - Източник на каталожния запис
Код на библиотеката BLK
041 ## - Код за език
Език Български
Език за КДБФ Български
080 ## - УДК
9 (RLIN) 236796
УДК текст Православни светии
УДК код 27-36
УДК – определител (32)(092)
УДК – код + определител 27-36(32)(092)
080 ## - УДК
9 (RLIN) 488371
УДК текст Египетски християнски монах-аскет
УДК код 929 Антоний Велики, св.
УДК – код + определител 929 Антоний Велики, св.
245 ## - Сведения за заглавието
Заглавие Преподобни Антоний Велики
Подзаглавни данни житие, свидетелства, писма
Авторска отговорност прев. от старогр. Иван Петров, архимандрит Мелетий (Спасов) ; прев. от лат. Иван Петров ; прев. от англ. Никита (Кръстю) Банев
260 ## - Област на издателските данни
9 (RLIN) 219977
Място на издаване София
Име на издателя Славянобълг. Зографски манастир Св. Вмчк Георги Победоносец
Година на издаване 2023
Печатница София : J-point
300 ## - Физическа характеристика
Брой страници 200 с.
Илюстрации с ил.
Размер 24 см
380 ## - Жанр
Жанр Религия. Теология
490 ## - СЕРИИ (Колекции)
9 (RLIN) 460741
Серия Библиотека Духовни слънца
ISSN на серия C634-8769
500 ## - Общи забележки
Обща забележка Изд. на Фонд. "Наследство на Зографската Света обител" - София
600 #0 - Име на лице, използвано като предмет
9 (RLIN) 284635
За него / За нея Антоний Велики, св.
650 #0 - Допълнително описание по предмет – тема
9 (RLIN) 244581
Предметна рубрика Светци
650 #0 - Допълнително описание по предмет – тема
9 (RLIN) 242280
Предметна рубрика Древен Египет
653 ## - Ключова дума – ненормативна
9 (RLIN) 195460
Ключови думи религия
852 ## - Местоположение
Сигнатура (форматна) Цб 318788
Отдел Хранилище
856 ## - Електронен адрес и достъп
Инструкция (цена за достъп) 0.00
Права за достъп disable
942 ## - АРТИКУЛИ
Вид на библиотечния документ Книги
Скрит в OPAC Не
944 ## - СЪЗДАВАНЕ И РЕДАКЦИЯ на ЗАПИСА
Създаване/Редакция
Дата на регистрацията/редакция Моника Янева
Служител, извършил регистрацията/редакцията 30570
Номер на служител Моника Янева
999 ## - СИСТЕМНИ КОНТРОЛНИ НОМЕРА
Koha biblionumber 492904
Koha biblioitemnumber 492904
Наличности
Код за отписване Код за изгубен артикул Източник на класификационната схема Код за повреда Коз за рестрикции Код за отдаване Артикулен № Име на библиотеката - собственик Име на библиотеката, в която се намира в момента Статус (Текущо местоположение) Дата на вписване в системата Местоположение - отдел Цена в лева Инвентарен номер Систематично азбучна сигнатура Баркод Цена в евро Служебен тип на артикула
  Не е изгубен Universal Decimal Classification Не е повреден само за читалня ползва се в читалня 930382 Регионална библиотека "Любен Каравелов" Русе Регионална библиотека "Любен Каравелов" Русе Хранилище 2023-07-17 Хранилище 15.00 120000889862 Цб 318788 120000889862 7.67 Книги
Vip Innovations Ltd, Rousse, Bulgaria 2025